<?xml version="1.0" encoding="UTF-8"?>
<record
    xmlns:xsi="http://www.w3.org/2001/XMLSchema-instance"
    xsi:schemaLocation="http://www.loc.gov/MARC21/slim http://www.loc.gov/standards/marcxml/schema/MARC21slim.xsd"
    xmlns="http://www.loc.gov/MARC21/slim">

  <leader>01316nam a22002897a 4500</leader>
  <controlfield tag="005">2012042108508.0</controlfield>
  <controlfield tag="008">090714t        xxu||||| |||| 00| 0 hin d</controlfield>
  <datafield tag="010" ind1=" " ind2=" ">
    <subfield code="a"> </subfield>
  </datafield>
  <datafield tag="020" ind1=" " ind2=" ">
    <subfield code="c">350.00</subfield>
  </datafield>
  <datafield tag="035" ind1=" " ind2=" ">
    <subfield code="a">B-46490</subfield>
  </datafield>
  <datafield tag="037" ind1=" " ind2=" ">
    <subfield code="b">DBAD / PUB</subfield>
  </datafield>
  <datafield tag="040" ind1=" " ind2=" ">
    <subfield code="a">dpl</subfield>
    <subfield code="b">hn</subfield>
  </datafield>
  <datafield tag="082" ind1=" " ind2=" ">
    <subfield code="a">372</subfield>
  </datafield>
  <datafield tag="100" ind1=" " ind2=" ">
    <subfield code="a">&#x92C;&#x927;&#x947;&#x915;&#x93E;, &#x917;&#x93F;&#x91C;&#x942;&#x92D;&#x93E;&#x908;  </subfield>
    <subfield code="9">45539</subfield>
  </datafield>
  <datafield tag="245" ind1=" " ind2=" ">
    <subfield code="a">&#x92E;&#x949;&#x923;&#x94D;&#x91F;&#x947;&#x938;&#x930;&#x940; &#x936;&#x93F;&#x915;&#x94D;&#x937;&#x93E;-&#x92A;&#x926;&#x94D;&#x927;&#x924;&#x93F; /</subfield>
    <subfield code="c">&#x917;&#x93F;&#x91C;&#x942;&#x92D;&#x93E;&#x908; &#x92C;&#x927;&#x947;&#x915;&#x93E;; &#x915;&#x93E;&#x936;&#x93F;&#x928;&#x93E;&#x925; &#x924;&#x94D;&#x930;&#x93F;&#x935;&#x947;&#x926;&#x940; &#x926;&#x94D;&#x935;&#x93E;&#x930;&#x93E; &#x905;&#x928;&#x941;&#x926;&#x93F;&#x924; </subfield>
  </datafield>
  <datafield tag="246" ind1=" " ind2=" ">
    <subfield code="a">Montessori shiksha-padhati</subfield>
    <subfield code="b">by Gijubhai Bhadheka </subfield>
  </datafield>
  <datafield tag="260" ind1=" " ind2=" ">
    <subfield code="a">&#x926;&#x93F;&#x932;&#x94D;&#x932;&#x940;</subfield>
    <subfield code="b">&#x938;&#x902;&#x938;&#x94D;&#x915;&#x943;&#x924;&#x93F; &#x938;&#x93E;&#x939;&#x93F;&#x924;&#x94D;&#x92F;  </subfield>
    <subfield code="c">2000</subfield>
  </datafield>
  <datafield tag="270" ind1=" " ind2=" ">
    <subfield code="a"> </subfield>
    <subfield code="b"> </subfield>
    <subfield code="e"> </subfield>
  </datafield>
  <datafield tag="300" ind1=" " ind2=" ">
    <subfield code="a">264&#x92A;&#x943;. </subfield>
    <subfield code="c">22&#x938;&#x947;&#x92E;&#x940; (&#x938;&#x91C;&#x93F;&#x932;&#x94D;&#x926;) </subfield>
  </datafield>
  <datafield tag="650" ind1=" " ind2=" ">
    <subfield code="a">&#x92E;&#x949;&#x923;&#x94D;&#x91F;&#x947;&#x938;&#x930;&#x940; &#x936;&#x93F;&#x915;&#x94D;&#x937;&#x93E;-&#x92A;&#x926;&#x94D;&#x927;&#x924;&#x93F; </subfield>
    <subfield code="9">45540</subfield>
  </datafield>
  <datafield tag="650" ind1=" " ind2=" ">
    <subfield code="a">Montessori method of education.</subfield>
    <subfield code="9">45541</subfield>
  </datafield>
  <datafield tag="650" ind1=" " ind2=" ">
    <subfield code="a">&#x936;&#x93F;&#x915;&#x94D;&#x937;&#x93E;, &#x92A;&#x94D;&#x930;&#x93E;&#x925;&#x92E;&#x93F;&#x915; </subfield>
    <subfield code="9">45542</subfield>
  </datafield>
  <datafield tag="650" ind1=" " ind2=" ">
    <subfield code="a">Education, Elementary.</subfield>
    <subfield code="9">45543</subfield>
  </datafield>
  <datafield tag="700" ind1=" " ind2=" ">
    <subfield code="a">&#x924;&#x94D;&#x930;&#x93F;&#x935;&#x947;&#x926;&#x940;, &#x915;&#x93E;&#x936;&#x93F;&#x928;&#x93E;&#x925; </subfield>
    <subfield code="9">45544</subfield>
  </datafield>
  <datafield tag="942" ind1=" " ind2=" ">
    <subfield code="2">ddc</subfield>
    <subfield code="c">HN</subfield>
    <subfield code="m">&#x92C;&#x927;&#x947;&#x915;&#x93E; </subfield>
    <subfield code="h">372</subfield>
  </datafield>
  <datafield tag="999" ind1=" " ind2=" ">
    <subfield code="c">65406</subfield>
    <subfield code="d">65406</subfield>
  </datafield>
  <datafield tag="952" ind1=" " ind2=" ">
    <subfield code="0">0</subfield>
    <subfield code="1">0</subfield>
    <subfield code="2">ddc</subfield>
    <subfield code="4">0</subfield>
    <subfield code="7">0</subfield>
    <subfield code="8">NFIC</subfield>
    <subfield code="a">ZLS</subfield>
    <subfield code="b">ZLS</subfield>
    <subfield code="d">2012-04-21</subfield>
    <subfield code="g">350.00</subfield>
    <subfield code="l">0</subfield>
    <subfield code="o">372 &#x92C;&#x927;&#x947;&#x915;&#x93E;</subfield>
    <subfield code="p">B-46490</subfield>
    <subfield code="r">2012-04-21 00:00:00</subfield>
    <subfield code="v">350.00</subfield>
    <subfield code="w">2012-04-21</subfield>
    <subfield code="y">HN</subfield>
  </datafield>
</record>
